Silniční dopravní značky /

Saved in:
Bibliographic Details
Main Authors: Havelka, Jaroslav (Author), Luhan, Cyril (Author)
Format: Book
Language:Czech
Published: Praha : Nakladatelství dopravy a spojů, 1965
Edition:2. vyd.
Subjects:
Online Access: Get full text
Tags: Add Tag
No Tags, Be the first to tag this record!

MARC

LEADER 00000cam a2200000 4500
003 SK-BrCVT
005 20220617221418.0
008 061221s1965 cs e ||||||cze d
035 |a CVTIDW1392972 
040 |b slo  |a CVTI SR  |e AACR2 
041 0 |a cze 
044 |a cs 
080 |a 656.05  |2 UDC-MRF 
080 |a 351.81  |2 UDC-MRF 
080 |a 625.746.53  |2 UDC-MRF 
100 1 |a Havelka, Jaroslav  |4 aut 
245 1 0 |a Silniční dopravní značky /  |c Jaroslav Havelka, Cyril Luhan 
250 |a 2. vyd. 
260 |a Praha :  |b Nakladatelství dopravy a spojů,  |c 1965 
300 |a 267 s., príl. :  |b fotogr., grafy, obr., tab. ; 
653 1 |a cestná dopravná značka 
700 1 |a Luhan, Cyril  |4 aut 
910 |b A188173  |b A188174 
974 |f Knihy 
992 |a APH 
999 |c 148607  |d 148607